|
|
|
|
| LEADER |
01376nam a22002537a 4500 |
| 001 |
34800 |
| 003 |
BD-DhAAL |
| 005 |
20190801111916.0 |
| 008 |
190718r20172013bg ||||| |||| 00| 1 ben d |
| 999 |
|
|
|c 40892
|d 40892
|
| 020 |
|
|
|a 9789849276821
|
| 040 |
|
|
|a BD-DhAAL
|c BD-DhAAL
|
| 082 |
|
|
|a 891.4437
|2 23
|
| 100 |
|
|
|a চট্টোপাধ্যায়, শরৎচন্দ্র
|9 21674
|
| 245 |
|
|
|a শরৎ রচনাসমগ্র,
|n প্রথম খণ্ড /
|c শরৎচন্দ্র চট্টোপাধ্যায়
|
| 260 |
|
|
|a ঢাকা :
|b কাকলী প্রকাশনী,
|c ২০১৩ [দ্বিতীয় মুদ্রণ ২০১৭]
|
| 300 |
|
|
|a ১২৬৩ পৃষ্ঠা :
|c ২২ সে.মি.
|
| 526 |
|
|
|a Residential Campus
AAL
|
| 541 |
|
|
|a Development Book Agency
|e 34800, 34974
|
| 650 |
|
|
|a Short stories, Bengali
|9 21675
|
| 852 |
|
|
|a Savar Campus Library
|c General Stacks
|
| 942 |
|
|
|2 ddc
|c BK
|
| 952 |
|
|
|0 0
|1 0
|2 ddc
|4 0
|6 891_443700000000000_CHA
|7 0
|9 65647
|a SCL
|b SCL
|c GEN
|d 2019-07-17
|e Development Book Agency
|g 320.00
|l 7
|m 22
|o 891.4437 CHA
|p 3020034800
|r 2024-12-03
|s 2024-10-26
|t 1
|v 320.00
|w 2019-07-17
|y BK
|
| 952 |
|
|
|0 0
|1 0
|2 ddc
|4 0
|6 891_443700000000000_CHA
|7 0
|9 65825
|a BRACUL
|b BRACUL
|c GEN
|d 2019-07-24
|e Development Book Agency
|g 320.00
|l 8
|m 88
|o 891.4437 CHA
|p 3010034974
|r 2025-12-27
|s 2025-09-30
|t 2
|v 320.00
|w 2019-07-24
|y BK
|